| 000 | 00000nam 2200000zi 4500 |
| 001 | 9.900124 |
| 003 | CaOODSP |
| 005 | 20230905131655 |
| 006 | m o d f |
| 007 | cr mn||||||||| |
| 008 | 210526t20212021onca o f000 0 eng d |
| 020 | |a9780660390291 |
| 040 | |aCaOODSP|beng|erda|cCaOODSP |
| 043 | |an-cn--- |
| 086 | 1 |aH144-87/3-2021E-PDF |
| 245 | 00|aWildfire smoke 101 : |busing an air purifier to filter wildfire smoke. |
| 264 | 1|a[Ottawa] : |bHealth Canada = Santé Canada, |c[2021] |
| 264 | 4|c©2021 |
| 300 | |a1 online resource (2 unnumbered pages) : |bcolour illustrations |
| 336 | |atext|btxt|2rdacontent |
| 337 | |acomputer|bc|2rdamedia |
| 338 | |aonline resource|bcr|2rdacarrier |
| 500 | |aIssued also in French under title: Fumée des feux de fôret 101 : utilisation d'un purificateur d'air pour filtrer la fumée des feux de forêt. |
| 500 | |a"Pub.: 210118." |
| 650 | 0|aAir|xPurification|zCanada|xEquipment and supplies. |
| 650 | 0|aSmoke prevention|zCanada|xEquipment and supplies. |
| 650 | 0|aWildfires|zCanada|xSafety measures. |
| 710 | 1 |aCanada. |bHealth Canada, |eissuing body. |
| 775 | 08|tFumée des feux de fôret 101 : |w(CaOODSP)9.900126 |
| 794 | |tWildfire smoke 101 : |w(CaOODSP)9.923794 |
| 856 | 40|qPDF|s980 KB|uhttps://publications.gc.ca/collections/collection_2021/sc-hc/H144-87-3-2021-eng.pdf |
| 856 | 4 |qHTML|sN/A|uhttps://www.canada.ca/en/health-canada/services/publications/healthy-living/using-portable-air-cleaner-wildfire-smoke.html |
| 986 | |a210118 |